| 000 | 00317nam a2200121Ia 4500 | ||
|---|---|---|---|
| 008 | 240731s9999 xx 000 0 und d | ||
| 022 | _a1539-4077 | ||
| 245 | 0 | _aAquatic Ecosystem Health & Management | |
| 260 | _bTaylor & Francis | ||
| 856 | _uhttps://www.tandfonline.com/loi/uaem20 | ||
| 942 | _2ddc | ||
| 942 | _cTFEJ | ||
| 999 |
_c75375 _d75375 |
||
| 945 |
_a1 _bMadushi Gamage _c1 _dMadushi Gamage |
||